| 000 | 01098nam a2200277Ia 4500 | ||
|---|---|---|---|
| 001 | ebr10015375 | ||
| 003 | CaPaEBR | ||
| 006 | m u | ||
| 007 | cr cn||||||||| | ||
| 008 | 790301s2001 cau s 000 0 eng d | ||
| 020 | _z1589760646 | ||
| 040 |
_aCaPaEBR _cCaPaEBR |
||
| 035 | _a(OCoLC)767109723 | ||
| 050 | 1 | 4 |
_aDT361 _b.B96 2001eb |
| 100 | 1 |
_aBurton, Richard Francis, _cSir, _d1821-1890. |
|
| 245 | 1 | 0 |
_aFrom Zanzibar to Lake Tanganyika _h[electronic resource] / _cSir Richard Burton. |
| 260 |
_aSanta Barbara, Calif. : _bNarrative Press, _c2001. |
||
| 300 | _a358 p. | ||
| 490 | 1 |
_aThe lake regions of central Africa ; _vv.1 |
|
| 533 |
_aElectronic reproduction. _bPalo Alto, Calif. : _cebrary, _d2009. _nAvailable via World Wide Web. _nAccess may be limited to ebrary affiliated libraries. |
||
| 650 | 0 |
_aRivers _zAfrica. |
|
| 655 | 7 |
_aElectronic books. _2local |
|
| 710 | 2 | _aebrary, Inc. | |
| 830 | 0 |
_aLake regions of central Africa ; _vv. 1. |
|
| 856 | 4 | 0 |
_uhttp://site.ebrary.com/lib/rucke/Doc?id=10015375 _zAn electronic book accessible through the World Wide Web; click to view |
| 999 |
_c11675 _d11675 |
||